000 00444nam a2200157Ia 4500
008 230718s9999 xx 000 0 und d
041 _aeng
082 _a621.57
_bSIN
100 _aSinghal B.L.
245 _aRefrigeration & Air Conditioning
260 _c2010
_bTech-Max Publications
300 _a644
365 _cRs.
_b365.00
700 _aSinghal B.L. & Sakhalkar U.H.
_9191243
906 _dO:0067508-Mar-2010B:105426-Feb-2010
_cMECH
_b73
999 _c324453
_d324453